| 000 | 00373nam a22001457a 4500 | ||
|---|---|---|---|
| 003 | OSt | ||
| 008 | 250514b |||||||| |||| 00| 0 eng d | ||
| 100 | _aUPADAYAE, Shree Pandit Gangaparasad | ||
| 245 | _aBhartiye Patan Or Uthan Ki khani | ||
| 250 | _a23th | ||
| 260 |
_aU.P. _bShreemati Meena Arya Darmarath _c2023 |
||
| 300 | _a228 | ||
| 650 | _aGeneral | ||
| 942 |
_2ddc _cBK |
||
| 999 |
_c13578 _d13578 |
||